| 000 | 00900nam a2200313Ia 4500 | ||
|---|---|---|---|
| 003 | OSt | ||
| 005 | 20220912144014.0 | ||
| 006 | a|||||r|||| 00| 0 | ||
| 007 | ta | ||
| 008 | 220909b |||||||| |||| 00| 0 eng d | ||
| 020 | _a9781482259070 (pbk) | ||
| 024 | _a199077 | ||
| 037 | _b3486, 16/02/2018, The Book Seller | ||
| 037 | _cTextual | ||
| 040 | _beng | ||
| 041 | _aeng | ||
| 082 | _aC21:(D), Q7 | ||
| 100 | _aPetersen Nils O | ||
| 245 | 0 | _aFoundations for nanoscience and nanotechnology | |
| 260 |
_aBoca Raton _bCRC Press _c2017 |
||
| 300 |
_axvi, 344p. ill. _ccm |
||
| 500 | _aReferences 337-340p.; Index 341-344p. | ||
| 650 | _a Molecular spectroscopy | ||
| 650 | _a Surface thermodynamics | ||
| 650 | _a Wave equation | ||
| 650 | _aPhysics | ||
| 942 |
_hC21:(D), Q7 _cTEXL _2CC |
||
| 999 |
_c672 _d672 |
||